International procurement : (Record no. 542648)
[ view plain ]
| 000 -LEADER | |
|---|---|
| fixed length control field | 00838cam a2200193 a 4500 |
| 020 ## - INTERNATIONAL STANDARD BOOK NUMBER | |
| International Standard Book Number | 0821304879 (pbk.) |
| 082 00 - DEWEY DECIMAL CLASSIFICATION NUMBER | |
| Classification number | 350.71/2 |
| Author Mark | WES |
| -- | 43241 |
| 100 1# - MAIN ENTRY--PERSONAL NAME | |
| Personal name | Westring, Gösta. |
| 9 (RLIN) | 37901 |
| 245 10 - TITLE STATEMENT | |
| Title | International procurement : |
| Remainder of title | a training manual / |
| Statement of responsibility, etc. | Gösta Westring. |
| 250 ## - EDITION STATEMENT | |
| Edition statement | 2nd rev. ed. |
| 260 ## - PUBLICATION, DISTRIBUTION, ETC. | |
| Place of publication, distribution, etc. | Geneva : |
| Name of publisher, distributor, etc. | International Trade Centre UNCTAD/GATT (ITC) ; |
| Place of publication, distribution, etc. | New York : |
| Name of publisher, distributor, etc. | United Nations Institute for Training and Research (UNITAR) ; |
| Place of publication, distribution, etc. | Washington, D.C. : |
| Name of publisher, distributor, etc. | World Bank, |
| Date of publication, distribution, etc. | c1985. |
| 300 ## - PHYSICAL DESCRIPTION | |
| Extent | xi, 316 p. : |
| Other physical details | ill. ; |
| Dimensions | 28 cm. |
| 526 ## - STUDY PROGRAM INFORMATION NOTE | |
| Program name | 0 |
| Interest level | 0 |
| Reading level | 0 |
| Title point value | 350_712000000000000_WES |
| 650 #0 - SUBJECT ADDED ENTRY--TOPICAL TERM | |
| Topical term or geographic name entry element | Government purchasing |
| General subdivision | Handbooks, manuals, etc. |
| Topical term following geographic name entry element | 43241 |
| 9 (RLIN) | 37902 |
| 710 2# - ADDED ENTRY--CORPORATE NAME | |
| Corporate name or jurisdiction name as entry element | International Trade Centre UNCTAD/GATT. |
| 9 (RLIN) | 37903 |
| 710 2# - ADDED ENTRY--CORPORATE NAME | |
| Corporate name or jurisdiction name as entry element | United Nations Institute for Training and Research. |
| 9 (RLIN) | 37904 |
| 710 2# - ADDED ENTRY--CORPORATE NAME | |
| Corporate name or jurisdiction name as entry element | World Bank. |
| 9 (RLIN) | 4999 |
| 942 ## - ADDED ENTRY ELEMENTS (KOHA) | |
| Source of classification or shelving scheme | |
| Koha item type | Book |
| Withdrawn status | Lost status | Source of classification or shelving scheme | Damaged status | Not for loan | Permanent Location | Current Location | Date acquired | Total Checkouts | Full call number | Barcode | Date last seen | Price effective from | Koha item type |
|---|---|---|---|---|---|---|---|---|---|---|---|---|---|
| Military College of Engineering (MCE) | Military College of Engineering (MCE) | 02/07/2014 | 350.71/2 WES | MCE-43241 | 02/07/2014 | 02/07/2014 | Book |
